[Event "Olomouc Chess Summer 2019 - A - Proclient Cup"]
[Site "Olomouc (CZE), Hotel Flora"]
[Date "2019.08.10"]
[Round "1"]
[Board "1"]
[White "SZWED, Jacek"]
[Black "ARKELL, Keith C"]
[Result "0-1"]
[WhiteElo "2384"]
[BlackElo "2445"]
[PlyCount "114"]
[EventDate "2019.08.10"]
[EventRounds "9"]
[EventCountry "CZE"]

1. e4 c6 2. d4 d5 3. Nc3 dxe4 4. Nxe4 Nd7 5. Ng5 Ngf6 6. Bd3 Nb6 7. N1f3 h6 8.
Ne4 Nxe4 9. Bxe4 Bg4 10. h3 Bxf3 11. Bxf3 g6 12. c3 Bg7 13. O-O O-O 14. Qb3 Qd7
15. a4 e6 16. Bd2 Nd5 17. a5 Rfd8 18. Rfd1 Qc7 19. g3 b5 20. axb6 axb6 21. Rxa8
Rxa8 22. c4 Bxd4 23. Kg2 Ne7 24. Bf4 e5 25. Rxd4 exf4 26. Rxf4 Nf5 27. Qc3 Rd8
28. c5 bxc5 29. Qxc5 Rd2 30. Qxc6 Qe5 31. Qc8+ Kh7 32. Qf8 Rxf2+ 33. Kxf2 Qe3+
34. Kg2 Qd2+ 35. Kf1 Nxg3+ 36. Kg1 Qxf4 37. Kg2 Ne4 38. Bxe4 Qxe4+ 39. Kg3 Qd3+
40. Kg2 Qc2+ 41. Kf3 Qb3+ 42. Kf4 g5+ 43. Kg4 Qe6+ 44. Kg3 Qb3+ 45. Kg4 Qd1+
46. Kg3 Qg1+ 47. Kf3 Qf1+ 48. Kg3 h5 49. b4 Qf4+ 50. Kg2 h4 51. Qc8 Qg3+ 52.
Kf1 Qf3+ 53. Kg1 Kg7 54. Qc5 Qg3+ 55. Kf1 Qxh3+ 56. Ke2 Qg2+ 57. Kd3 h3  0-1

[Event "Olomouc Chess Summer 2019 - A - Proclient Cup"]
[Site "Olomouc (CZE), Hotel Flora"]
[Date "2019.08.10"]
[Round "1"]
[Board "2"]
[White "PULPAN, Jakub"]
[Black "STIGAR, Petter"]
[Result "1/2-1/2"]
[WhiteElo "2397"]
[BlackElo "2207"]
[PlyCount "73"]
[EventDate "2019.08.10"]
[EventRounds "9"]
[EventCountry "CZE"]

1. e4 e6 2. d4 d5 3. Nd2 dxe4 4. Nxe4 Nd7 5. Nf3 Ngf6 6. Nxf6+ Nxf6 7. Bd3 c5
8. dxc5 Bxc5 9. Bg5 O-O 10. Qe2 h6 11. Bh4 Qa5+ 12. c3 Nd5 13. Qd2 Be7 14. Bxe7
Nxe7 15. O-O Bd7 16. Qf4 Nd5 17. Qe5 Qb6 18. c4 Nf6 19. c5 Qb4 20. a3 Qb3 21.
Rfd1 Rfd8 22. Rd2 Bc6 23. Bc2 Qc4 24. b3 Qa6 25. Rxd8+ Rxd8 26. Qc7 Rf8 27. Nd4
Be4 28. Bxe4 Nxe4 29. b4 Qd3 30. Nf3 Qd5 31. Re1 Nc3 32. h3 Nb5 33. Qa5 a6 34.
Rc1 e5 35. a4 Nd4 36. Nxd4 exd4 37. b5  1/2-1/2

[Event "Olomouc Chess Summer 2019 - A - Proclient Cup"]
[Site "Olomouc (CZE), Hotel Flora"]
[Date "2019.08.10"]
[Round "1"]
[Board "3"]
[White "CERNOUSEK, Lukas"]
[Black "NEUMAN, Petr"]
[Result "1/2-1/2"]
[WhiteElo "2451"]
[BlackElo "2392"]
[PlyCount "67"]
[EventDate "2019.08.10"]
[EventRounds "9"]
[EventCountry "CZE"]

1. e4 c6 2. d4 d5 3. Nd2 dxe4 4. Nxe4 Nf6 5. Nxf6+ exf6 6. c3 Bd6 7. Bd3 O-O 8.
Ne2 Re8 9. O-O a5 10. Ng3 g6 11. Ne4 Be7 12. Re1 Be6 13. Bf4 Na6 14. h4 Nc7 15.
Qf3 Nd5 16. Bh6 Bf5 17. h5 Bf8 18. Bxf8 Kxf8 19. hxg6 hxg6 20. Nc5 Bxd3 21.
Rxe8+ Qxe8 22. Nxd3 Kg7 23. Re1 Qh8 24. Nf4 Nxf4 25. Qxf4 Re8 26. Re3 Rxe3 27.
Qxe3 Qh5 28. Qd2 Qf5 29. b3 g5 30. c4 Qb1+ 31. Kh2 Qh7+ 32. Kg1 Qb1+ 33. Kh2
Qh7+ 34. Kg1  1/2-1/2

[Event "Olomouc Chess Summer 2019 - A - Proclient Cup"]
[Site "Olomouc (CZE), Hotel Flora"]
[Date "2019.08.10"]
[Round "1"]
[Board "4"]
[White "EGGLESTON, David J"]
[Black "BIOLEK, Richard"]
[Result "1/2-1/2"]
[WhiteElo "2403"]
[BlackElo "2446"]
[PlyCount "52"]
[EventDate "2019.08.10"]
[EventRounds "9"]
[EventCountry "CZE"]

1. e4 e5 2. Nf3 Nc6 3. Bc4 Nf6 4. d3 Be7 5. O-O O-O 6. Nc3 d6 7. h3 Na5 8. Bb3
Nxb3 9. axb3 h6 10. d4 Nd7 11. Nd5 Re8 12. Nxe7+ Qxe7 13. Re1 b6 14. d5 Nf8 15.
b4 Ng6 16. b5 f5 17. exf5 Bxf5 18. Nd4 Bd7 19. Nc6 Qf7 20. Ra4 Ne7 21. c4 a5
22. Nxe7+ Qxe7 23. Ra3 Qh4 24. Qe2 Rf8 25. Rg3 Rf6 26. Qe4 Qxe4  1/2-1/2

[Event "Olomouc Chess Summer 2019 - A - Proclient Cup"]
[Site "Olomouc (CZE), Hotel Flora"]
[Date "2019.08.10"]
[Round "1"]
[Board "5"]
[White "BARUA, Dibyendu"]
[Black "KOUSTAV, Chatterjee"]
[Result "1/2-1/2"]
[WhiteElo "2379"]
[BlackElo "2429"]
[PlyCount "27"]
[EventDate "2019.08.10"]
[EventRounds "9"]
[EventCountry "CZE"]

1. e4 c5 2. Nf3 Nc6 3. d4 cxd4 4. Nxd4 Nf6 5. Nc3 e5 6. Ndb5 d6 7. Bg5 a6 8.
Na3 b5 9. Nd5 Be7 10. Bxf6 Bxf6 11. c3 O-O 12. Nc2 Bg5 13. Nce3 Be6 14. Be2
 1/2-1/2

[Event "Olomouc Chess Summer 2019 - A - Proclient Cup"]
[Site "Olomouc (CZE), Hotel Flora"]
[Date "2019.08.11"]
[Round "2"]
[Board "1"]
[White "ARKELL, Keith C"]
[Black "KOUSTAV, Chatterjee"]
[Result "1/2-1/2"]
[WhiteElo "2445"]
[BlackElo "2429"]
[PlyCount "29"]
[EventDate "2019.08.10"]
[EventRounds "9"]
[EventCountry "CZE"]

1. c4 Nf6 2. Nf3 e6 3. Nc3 d5 4. cxd5 exd5 5. d4 c6 6. Bg5 h6 7. Bh4 Bf5 8. e3
Nbd7 9. Bd3 Bxd3 10. Qxd3 Bd6 11. O-O O-O 12. Rfe1 Re8 13. Qc2 Qb8 14. Bg3 a5
15. Rac1  1/2-1/2

[Event "Olomouc Chess Summer 2019 - A - Proclient Cup"]
[Site "Olomouc (CZE), Hotel Flora"]
[Date "2019.08.11"]
[Round "2"]
[Board "2"]
[White "BIOLEK, Richard"]
[Black "BARUA, Dibyendu"]
[Result "1-0"]
[WhiteElo "2446"]
[BlackElo "2379"]
[PlyCount "67"]
[EventDate "2019.08.10"]
[EventRounds "9"]
[EventCountry "CZE"]

1. e4 e6 2. d4 d5 3. Nc3 Nf6 4. e5 Nfd7 5. f4 c5 6. Nf3 Nc6 7. Be3 a6 8. Qd2
cxd4 9. Nxd4 Qc7 10. Bd3 Be7 11. O-O Nxd4 12. Bxd4 f5 13. exf6 Bxf6 14. Qe3
Bxd4 15. Qxd4 Qc5 16. Ne2 Ke7 17. Rae1 Kd6 18. b4 Qxd4+ 19. Nxd4 Nf6 20. c4 b6
21. Rc1 Bd7 22. c5+ bxc5 23. bxc5+ Kc7 24. Rfe1 Rhe8 25. Rb1 Rab8 26. Bxa6 Ne4
27. c6 Bc8 28. Rxb8 Kxb8 29. Rb1+ Kc7 30. Nb5+ Kd8 31. Bxc8 Kxc8 32. Na7+ Kc7
33. Rb7+ Kd6 34. c7  1-0

[Event "Olomouc Chess Summer 2019 - A - Proclient Cup"]
[Site "Olomouc (CZE), Hotel Flora"]
[Date "2019.08.11"]
[Round "2"]
[Board "3"]
[White "NEUMAN, Petr"]
[Black "EGGLESTON, David J"]
[Result "1/2-1/2"]
[WhiteElo "2392"]
[BlackElo "2403"]
[PlyCount "30"]
[EventDate "2019.08.10"]
[EventRounds "9"]
[EventCountry "CZE"]

1. c4 e5 2. g3 Nf6 3. Bg2 d5 4. cxd5 Nxd5 5. Nc3 Nb6 6. Nf3 Nc6 7. O-O Be7 8.
d3 O-O 9. a3 Re8 10. b4 Bf8 11. Bb2 a5 12. b5 Nd4 13. Nd2 a4 14. e3 Ne6 15. Qc2
Nc5  1/2-1/2

[Event "Olomouc Chess Summer 2019 - A - Proclient Cup"]
[Site "Olomouc (CZE), Hotel Flora"]
[Date "2019.08.11"]
[Round "2"]
[Board "4"]
[White "STIGAR, Petter"]
[Black "CERNOUSEK, Lukas"]
[Result "0-1"]
[WhiteElo "2207"]
[BlackElo "2451"]
[PlyCount "80"]
[EventDate "2019.08.10"]
[EventRounds "9"]
[EventCountry "CZE"]

1. Nf3 c5 2. c4 Nc6 3. Nc3 g6 4. g3 Bg7 5. Bg2 d6 6. O-O e5 7. a3 Nge7 8. Rb1
a5 9. Ne1 Be6 10. d3 O-O 11. Nc2 d5 12. cxd5 Nxd5 13. Ne3 Nde7 14. Nc4 Rb8 15.
a4 f5 16. Nb5 Nd5 17. Bd2 f4 18. Nbd6 b6 19. Bc3 Nd4 20. Bxd4 exd4 21. Ne4 Qe7
22. Qd2 Bh6 23. Qc2 Kh8 24. Rfe1 Bg7 25. Qd1 g5 26. Kh1 g4 27. Rc1 Bh6 28. Ncd2
fxg3 29. hxg3 Rxf2 30. Nxf2 Ne3 31. Nfe4 Qf7 32. Nf1 Nxd1 33. Rcxd1 Bb3 34. Ra1
Rf8 35. Nh2 Qg6 36. Rf1 Rxf1+ 37. Rxf1 Bg7 38. Rf4 h5 39. Nd2 Bxa4 40. Be4 Bc6
 0-1

[Event "Olomouc Chess Summer 2019 - A - Proclient Cup"]
[Site "Olomouc (CZE), Hotel Flora"]
[Date "2019.08.11"]
[Round "2"]
[Board "5"]
[White "SZWED, Jacek"]
[Black "PULPAN, Jakub"]
[Result "1/2-1/2"]
[WhiteElo "2384"]
[BlackElo "2397"]
[PlyCount "92"]
[EventDate "2019.08.10"]
[EventRounds "9"]
[EventCountry "CZE"]

1. e4 e5 2. Nf3 Nc6 3. Bb5 Nf6 4. O-O Nxe4 5. Re1 Nd6 6. Nxe5 Be7 7. Bf1 Nxe5
8. Rxe5 O-O 9. d4 Bf6 10. Re1 Re8 11. Bf4 Rxe1 12. Qxe1 Ne8 13. Nc3 d6 14. Nd5
Be6 15. Nxf6+ Qxf6 16. Qd2 Qg6 17. d5 Bf5 18. c4 Nf6 19. Re1 Re8 20. Rxe8+ Nxe8
21. Qe3 Kf8 22. c5 Be4 23. cxd6 cxd6 24. Qxa7 Bxd5 25. Qb8 Qf6 26. Bg3 Bc6 27.
b3 Qd4 28. Qa8 f5 29. Qa5 g6 30. Qd8 h6 31. h4 f4 32. Bh2 f3 33. gxf3 Bxf3 34.
Qc8 Bc6 35. Qe6 Qxh4 36. Qxg6 Ke7 37. Qg3 Qe4 38. Qe3 Qxe3 39. fxe3 Nf6 40. Bf4
h5 41. Kh2 Nd5 42. Bg5+ Kd7 43. a3 Nc3 44. Bh3+ Kc7 45. Bf5 Bd5 46. Bf6 Ne4
 1/2-1/2

[Event "Olomouc Chess Summer 2019 - A - Proclient Cup"]
[Site "Olomouc (CZE), Hotel Flora"]
[Date "2019.08.11"]
[Round "3"]
[Board "1"]
[White "PULPAN, Jakub"]
[Black "ARKELL, Keith C"]
[Result "1/2-1/2"]
[WhiteElo "2397"]
[BlackElo "2445"]
[PlyCount "93"]
[EventDate "2019.08.10"]
[EventRounds "9"]
[EventCountry "CZE"]

1. e4 e6 2. d4 d5 3. Nd2 dxe4 4. Nxe4 Bd7 5. Nf3 Bc6 6. Bd3 Nd7 7. O-O Ngf6 8.
Ng3 Be7 9. b3 O-O 10. Bb2 Bxf3 11. Qxf3 c6 12. Rad1 Re8 13. Rfe1 Bf8 14. c4 g6
15. d5 cxd5 16. cxd5 Nxd5 17. Bc4 Qa5 18. Ne4 Be7 19. a3 N5b6 20. b4 Qf5 21.
Qc3 e5 22. Ng3 Qf6 23. Bb5 Rec8 24. Qb3 Rc7 25. Ne4 Qe6 26. Qxe6 fxe6 27. Rd2
a5 28. Red1 Nd5 29. Bxd7 Rxd7 30. Bxe5 axb4 31. axb4 b6 32. f4 Rda7 33. Nc3 Ne3
34. Nb5 Ra2 35. Rxa2 Rxa2 36. Rd7 Rxg2+ 37. Kh1 Rc2 38. h3 Nf5 39. Nc7 Bxb4 40.
Nxe6 Be7 41. Rb7 Bc5 42. Nxc5 bxc5 43. Rc7 h6 44. Kg1 g5 45. fxg5 hxg5 46. Kf1
Kf8 47. Ke1  1/2-1/2

[Event "Olomouc Chess Summer 2019 - A - Proclient Cup"]
[Site "Olomouc (CZE), Hotel Flora"]
[Date "2019.08.11"]
[Round "3"]
[Board "2"]
[White "CERNOUSEK, Lukas"]
[Black "SZWED, Jacek"]
[Result "1-0"]
[WhiteElo "2451"]
[BlackElo "2384"]
[PlyCount "103"]
[EventDate "2019.08.10"]
[EventRounds "9"]
[EventCountry "CZE"]

1. d4 d5 2. Nf3 Nf6 3. c4 dxc4 4. e3 b5 5. a4 b4 6. a5 e6 7. a6 Nbd7 8. Bxc4
Bd6 9. Nbd2 O-O 10. Qc2 c5 11. Be2 Qc7 12. Nb3 Rb8 13. O-O Qb6 14. e4 cxd4 15.
Nfxd4 Qc7 16. Qxc7 Bxc7 17. Nc6 Ra8 18. Be3 Bb6 19. Bxb6 Nxb6 20. Nc5 Nbd7 21.
Nb7 Nxe4 22. Rfd1 Nb6 23. Nxb4 Bd7 24. Bf3 Ng5 25. Bc6 Bxc6 26. Nxc6 Ne4 27. f3
Nf6 28. Nd6 Nfd5 29. Nb5 Rfc8 30. Rac1 Kf8 31. Ncxa7 Rxc1 32. Rxc1 Nb4 33. Rc7
Nxa6 34. Rc6 Rb8 35. Nd6 g5 36. Nab5 Kg7 37. Nd4 Kg6 38. b3 Nb4 39. Rc7 Rd8 40.
N4b5 Rd7 41. Rc5 h6 42. Kf1 Kf6 43. Ke2 Ke7 44. Nc8+ Nxc8 45. Rxc8 Nd5 46. g3
Rb7 47. Nd4 e5 48. Nf5+ Kd7 49. Rc5 Ke6 50. Rc6+ Kxf5 51. g4+ Kf4 52. Rc4+  1-0

[Event "Olomouc Chess Summer 2019 - A - Proclient Cup"]
[Site "Olomouc (CZE), Hotel Flora"]
[Date "2019.08.11"]
[Round "3"]
[Board "3"]
[White "EGGLESTON, David J"]
[Black "STIGAR, Petter"]
[Result "1/2-1/2"]
[WhiteElo "2403"]
[BlackElo "2207"]
[PlyCount "43"]
[EventDate "2019.08.10"]
[EventRounds "9"]
[EventCountry "CZE"]

1. c4 c5 2. Nf3 g6 3. d4 cxd4 4. Nxd4 Nc6 5. e4 Bg7 6. Be3 Nf6 7. Nc3 O-O 8.
Be2 d6 9. O-O Bd7 10. Nb3 a5 11. a3 a4 12. Nd2 Qa5 13. f4 Be8 14. Nb5 Nd7 15.
Qc2 Nc5 16. e5 Nb3 17. Nxb3 axb3 18. Qxb3 dxe5 19. fxe5 Nxe5 20. Nc3 Ba4 21.
Nxa4 Qxa4 22. Qxa4  1/2-1/2

[Event "Olomouc Chess Summer 2019 - A - Proclient Cup"]
[Site "Olomouc (CZE), Hotel Flora"]
[Date "2019.08.11"]
[Round "3"]
[Board "4"]
[White "BARUA, Dibyendu"]
[Black "NEUMAN, Petr"]
[Result "1/2-1/2"]
[WhiteElo "2379"]
[BlackElo "2392"]
[PlyCount "51"]
[EventDate "2019.08.10"]
[EventRounds "9"]
[EventCountry "CZE"]

1. e4 c6 2. d4 d5 3. exd5 cxd5 4. c4 Nf6 5. Nc3 Nc6 6. Nf3 Bg4 7. cxd5 Nxd5 8.
Qb3 Bxf3 9. gxf3 e6 10. Qxb7 Nxd4 11. Bb5+ Nxb5 12. Qc6+ Ke7 13. Qxb5 Nxc3 14.
bxc3 Qd5 15. Qxd5 exd5 16. Rb1 Ke6 17. Rb5 Rc8 18. O-O Bc5 19. Re1+ Kd7 20. Be3
Bxe3 21. Rxe3 Kc6 22. Ra5 Rc7 23. Rd3 Rd8 24. Ra4 Rd6 25. c4 Rcd7 26. cxd5+
 1/2-1/2

[Event "Olomouc Chess Summer 2019 - A - Proclient Cup"]
[Site "Olomouc (CZE), Hotel Flora"]
[Date "2019.08.11"]
[Round "3"]
[Board "5"]
[White "KOUSTAV, Chatterjee"]
[Black "BIOLEK, Richard"]
[Result "1/2-1/2"]
[WhiteElo "2429"]
[BlackElo "2446"]
[PlyCount "102"]
[EventDate "2019.08.10"]
[EventRounds "9"]
[EventCountry "CZE"]

1. d4 d5 2. c4 Nc6 3. Nf3 Bg4 4. cxd5 Bxf3 5. gxf3 Qxd5 6. e3 O-O-O 7. Nc3 Qh5
8. f4 Qxd1+ 9. Kxd1 e6 10. Bg2 Nf6 11. Ke2 Ne7 12. Bd2 Kb8 13. Rhc1 h6 14. Na4
g5 15. Nc5 c6 16. fxg5 hxg5 17. h3 Nf5 18. b4 Nh4 19. Bh1 Nf5 20. b5 Bxc5 21.
dxc5 Rxh3 22. Bc3 Nd5 23. Be5+ Ka8 24. bxc6 bxc6 25. Rab1 Rh6 26. Be4 f6 27.
Bc7 Rc8 28. Bd6 Rh4 29. Bxf5 exf5 30. Rb3 Rb4 31. Rxb4 Nxb4 32. Rb1 Nd5 33. Rb3
Re8 34. Kd2 a6 35. Rb1 Ka7 36. Rh1 a5 37. Rh3 Re4 38. Rf3 f4 39. exf4 gxf4 40.
a3 Ka6 41. Rb3 f3 42. Rxf3 Kb5 43. Rd3 Kc4 44. Rg3 a4 45. Rf3 Re6 46. Rh3 f5
47. Rf3 f4 48. Rh3 Re4 49. Rf3 Re8 50. Rh3 Re6 51. Rf3 Re4  1/2-1/2

[Event "Olomouc Chess Summer 2019 - A - Proclient Cup"]
[Site "Olomouc (CZE), Hotel Flora"]
[Date "2019.08.12"]
[Round "4"]
[Board "1"]
[White "ARKELL, Keith C"]
[Black "BIOLEK, Richard"]
[Result "1/2-1/2"]
[WhiteElo "2445"]
[BlackElo "2446"]
[PlyCount "51"]
[EventDate "2019.08.10"]
[EventRounds "9"]
[EventCountry "CZE"]

1. d4 d5 2. Nf3 Nf6 3. c4 dxc4 4. Nc3 Nc6 5. d5 Na5 6. Qa4+ c6 7. dxc6 Nxc6 8.
e4 e6 9. Bxc4 Bb4 10. Bb5 Bd7 11. O-O Qa5 12. Bd2 Qxa4 13. Bxa4 Ne5 14. Bxd7+
Nfxd7 15. Nxe5 Nxe5 16. a3 Ba5 17. b4 Bb6 18. Na4 Bd4 19. Rac1 b5 20. Nc5 Nc4
21. Bc3 Bxc3 22. Rxc3 a5 23. bxa5 Ke7 24. Nb3 Rhd8 25. h4 Nxa5 26. Nxa5  1/2-1/2

[Event "Olomouc Chess Summer 2019 - A - Proclient Cup"]
[Site "Olomouc (CZE), Hotel Flora"]
[Date "2019.08.12"]
[Round "4"]
[Board "2"]
[White "NEUMAN, Petr"]
[Black "KOUSTAV, Chatterjee"]
[Result "0-1"]
[WhiteElo "2392"]
[BlackElo "2429"]
[PlyCount "56"]
[EventDate "2019.08.10"]
[EventRounds "9"]
[EventCountry "CZE"]

1. c4 e5 2. g3 Nc6 3. Bg2 Bc5 4. Nc3 d6 5. e3 a6 6. Nge2 Ba7 7. d4 h5 8. d5
Nce7 9. h4 Nh6 10. Qd3 O-O 11. f3 f5 12. e4 b5 13. Bg5 bxc4 14. Qxc4 a5 15. Nb5
Bc5 16. Rf1 Nf7 17. Bd2 a4 18. Nec3 Bd7 19. O-O-O Qb8 20. Na3 Qb6 21. Qe2 Bxa3
22. bxa3 Qc5 23. Kb2 Rfb8+ 24. Ka1 c6 25. Qe3 Qxa3 26. Rb1 Rb3 27. Rxb3 axb3
28. Rb1 Qxa2+  0-1

[Event "Olomouc Chess Summer 2019 - A - Proclient Cup"]
[Site "Olomouc (CZE), Hotel Flora"]
[Date "2019.08.12"]
[Round "4"]
[Board "3"]
[White "STIGAR, Petter"]
[Black "BARUA, Dibyendu"]
[Result "1/2-1/2"]
[WhiteElo "2207"]
[BlackElo "2379"]
[PlyCount "76"]
[EventDate "2019.08.10"]
[EventRounds "9"]
[EventCountry "CZE"]

1. e4 e6 2. d4 d5 3. exd5 exd5 4. Nf3 Nf6 5. Bd3 Bg4 6. O-O Be7 7. Bg5 Nc6 8.
c3 Ne4 9. Bxe7 Qxe7 10. Re1 O-O-O 11. Nbd2 f5 12. Qc2 Rd6 13. Bb5 Bxf3 14. Nxf3
g5 15. Bxc6 Rxc6 16. Ne5 Re6 17. f3 Nd6 18. Re2 Re8 19. Rae1 a6 20. Kf1 Qf6 21.
b3 R6e7 22. Nd3 f4 23. Rxe7 Rxe7 24. Rxe7 Qxe7 25. Ne5 b6 26. Qe2 Kb7 27. Nd3
Qf7 28. Nb4 Nb5 29. a4 a5 30. Qxb5 axb4 31. Qxb4 Qf5 32. h3 Qb1+ 33. Kf2 h6 34.
Qb5 Qc2+ 35. Kg1 c6 36. Qb4 Qc1+ 37. Kh2 Qe1 38. a5 Qg3+  1/2-1/2

[Event "Olomouc Chess Summer 2019 - A - Proclient Cup"]
[Site "Olomouc (CZE), Hotel Flora"]
[Date "2019.08.12"]
[Round "4"]
[Board "4"]
[White "SZWED, Jacek"]
[Black "EGGLESTON, David J"]
[Result "1/2-1/2"]
[WhiteElo "2384"]
[BlackElo "2403"]
[PlyCount "62"]
[EventDate "2019.08.10"]
[EventRounds "9"]
[EventCountry "CZE"]

1. e4 e6 2. d4 d5 3. exd5 exd5 4. Bd3 Nf6 5. Ne2 c5 6. c3 Nc6 7. O-O Bd6 8.
dxc5 Bxc5 9. Nd2 O-O 10. Nb3 Bd6 11. Bf4 Bg4 12. Bxd6 Qxd6 13. Qd2 Bh5 14. Nf4
Bg6 15. Bxg6 hxg6 16. Rad1 Rad8 17. Nd4 Rfe8 18. Rfe1 Ne5 19. Nd3 Ne4 20. Qc1
Qf6 21. f3 Nd6 22. Nxe5 Rxe5 23. Rxe5 Qxe5 24. Re1 Qf6 25. Qe3 Nc4 26. Qe7 Nxb2
27. Qxf6 gxf6 28. Rb1 Na4 29. Rxb7 Nxc3 30. Rxa7 Rb8 31. a4 Rb4  1/2-1/2

[Event "Olomouc Chess Summer 2019 - A - Proclient Cup"]
[Site "Olomouc (CZE), Hotel Flora"]
[Date "2019.08.12"]
[Round "4"]
[Board "5"]
[White "PULPAN, Jakub"]
[Black "CERNOUSEK, Lukas"]
[Result "1/2-1/2"]
[WhiteElo "2397"]
[BlackElo "2451"]
[PlyCount "29"]
[EventDate "2019.08.10"]
[EventRounds "9"]
[EventCountry "CZE"]

1. Nf3 c5 2. b3 d5 3. Bb2 Nf6 4. e3 e6 5. Be2 Be7 6. O-O O-O 7. c4 Nc6 8. cxd5
Nxd5 9. Nc3 Nxc3 10. Bxc3 b6 11. Qc1 Bb7 12. Qb2 Bf6 13. Rfd1 Bxc3 14. Qxc3 Rc8
15. a3  1/2-1/2

[Event "Olomouc Chess Summer 2019 - A - Proclient Cup"]
[Site "Olomouc (CZE), Hotel Flora"]
[Date "2019.08.13"]
[Round "5"]
[Board "1"]
[White "CERNOUSEK, Lukas"]
[Black "ARKELL, Keith C"]
[Result "1-0"]
[WhiteElo "2451"]
[BlackElo "2445"]
[PlyCount "73"]
[EventDate "2019.08.10"]
[EventRounds "9"]
[EventCountry "CZE"]

1. d4 d5 2. c4 c6 3. Nf3 Nf6 4. Nc3 g6 5. cxd5 cxd5 6. Bf4 Nc6 7. e3 Bg7 8. h3
O-O 9. Be2 b6 10. O-O Bb7 11. Rc1 Rc8 12. Qa4 a6 13. b4 b5 14. Qb3 e6 15. a4
bxa4 16. Nxa4 Re8 17. Nc5 Qb6 18. Ra1 Ra8 19. b5 Nb8 20. Na4 Qd8 21. bxa6 Bxa6
22. Nc5 Bc4 23. Rxa8 Bxb3 24. Rxb8 Qa5 25. Rxb3 Qa2 26. Bb5 Rc8 27. Rfb1 h6 28.
Bd3 Bf8 29. Rb8 Rxb8 30. Rxb8 Kg7 31. Be5 Bxc5 32. dxc5 Qa3 33. Bf1 Qxc5 34.
Bd4 Qc7 35. Ra8 Qc1 36. Ne5 Kh7 37. Nd7  1-0

[Event "Olomouc Chess Summer 2019 - A - Proclient Cup"]
[Site "Olomouc (CZE), Hotel Flora"]
[Date "2019.08.13"]
[Round "5"]
[Board "2"]
[White "EGGLESTON, David J"]
[Black "PULPAN, Jakub"]
[Result "0-1"]
[WhiteElo "2403"]
[BlackElo "2397"]
[PlyCount "124"]
[EventDate "2019.08.10"]
[EventRounds "9"]
[EventCountry "CZE"]

1. e4 e5 2. Nf3 Nc6 3. Bc4 Nf6 4. d3 Bc5 5. c3 a6 6. O-O Ba7 7. h3 h6 8. Re1
O-O 9. Nbd2 d6 10. b4 Ne7 11. Nf1 Ng6 12. Ng3 c6 13. a4 Re8 14. a5 d5 15. Bb3
Be6 16. Be3 Bxe3 17. Rxe3 Qd7 18. c4 Rad8 19. cxd5 cxd5 20. Ba4 Qd6 21. Bxe8
Rxe8 22. Rb1 d4 23. Re1 Bd7 24. Nf5 Bxf5 25. exf5 Nf4 26. Qd2 N4d5 27. Rb2 Nc3
28. Kh1 Na4 29. Rbb1 Nc3 30. Rbc1 Qxb4 31. Rxe5 Rd8 32. Rce1 Ncd5 33. Qa2 Kh7
34. Rc1 b5 35. axb6 Qxb6 36. Rb1 Qc6 37. Qd2 Qc3 38. g3 a5 39. Re2 Qc8 40. Kg2
Nc3 41. Rc1 Qb7 42. Qb2 Qa8 43. Re7 Rd7 44. Rxd7 Nxd7 45. Re1 f6 46. Re7 Qd5
47. Qd2 a4 48. Qf4 Ne5 49. Ra7 Qc6 50. h4 Nxd3 51. Qg4 Qxf3+ 52. Kxf3 Ne5+ 53.
Kf4 Nxg4 54. Kxg4 d3 55. Rd7 a3 56. Rxd3 a2 57. Rxc3 a1=Q 58. Re3 Qf1 59. f3
Qb1 60. h5 Qc1 61. Kf4 Kh8 62. g4 Kh7  0-1

[Event "Olomouc Chess Summer 2019 - A - Proclient Cup"]
[Site "Olomouc (CZE), Hotel Flora"]
[Date "2019.08.13"]
[Round "5"]
[Board "3"]
[White "BARUA, Dibyendu"]
[Black "SZWED, Jacek"]
[Result "1-0"]
[WhiteElo "2379"]
[BlackElo "2384"]
[PlyCount "109"]
[EventDate "2019.08.10"]
[EventRounds "9"]
[EventCountry "CZE"]

1. e4 e6 2. d4 d5 3. Nd2 c5 4. exd5 Qxd5 5. Ngf3 cxd4 6. Bc4 Qd7 7. O-O Nc6 8.
Nb3 a6 9. a4 Nf6 10. Nbxd4 Nxd4 11. Nxd4 Bc5 12. c3 b6 13. Nf3 Bb7 14. Qxd7+
Nxd7 15. Be2 Nf6 16. Ne5 O-O 17. Nd3 Be7 18. f3 Nd5 19. Bd2 Rac8 20. Rfc1 Bf6
21. Kf1 Rfd8 22. Ra3 Ne7 23. Ke1 a5 24. Rb3 Ba6 25. Nf4 Bxe2 26. Nxe2 Rd6 27.
Be3 Nd5 28. Bf2 Rc4 29. Ra3 Kf8 30. Rd1 Ke7 31. Raa1 Bg5 32. Rd3 f5 33. b3 Rc7
34. c4 Nb4 35. Rxd6 Kxd6 36. Rd1+ Kc6 37. Nd4+ Kb7 38. Nxe6 Re7 39. Rd6 Nc6 40.
Kd1 Bf6 41. Nd8+ Nxd8 42. Rxd8 Re1+ 43. Kxe1 Bxd8 44. c5 bxc5 45. Bxc5 Kc6 46.
Bd4 g6 47. Ke2 Bc7 48. h3 h5 49. Kd3 Kd5 50. Bc3 Kc5 51. Bf6 Bd6 52. Bd8 Kb4
53. Kc2 Bf8 54. Bg5 Ka3 55. Bc1+  1-0

[Event "Olomouc Chess Summer 2019 - A - Proclient Cup"]
[Site "Olomouc (CZE), Hotel Flora"]
[Date "2019.08.13"]
[Round "5"]
[Board "4"]
[White "KOUSTAV, Chatterjee"]
[Black "STIGAR, Petter"]
[Result "1-0"]
[WhiteElo "2429"]
[BlackElo "2207"]
[PlyCount "105"]
[EventDate "2019.08.10"]
[EventRounds "9"]
[EventCountry "CZE"]

1. c4 c5 2. Nf3 g6 3. e4 Nc6 4. d4 cxd4 5. Nxd4 Nf6 6. Nc3 d6 7. Be2 Nxd4 8.
Qxd4 Bg7 9. Be3 O-O 10. Qd2 a5 11. O-O a4 12. Rad1 Qa5 13. Bd4 Be6 14. Qe3 Nd7
15. Nd5 Rfe8 16. Bxg7 Kxg7 17. Nf4 Qe5 18. Nxe6+ fxe6 19. f4 Qc5 20. Kf2 Ra6
21. e5 Rb6 22. Rd2 Ra8 23. Rfd1 Raa6 24. Bg4 Qxe3+ 25. Kxe3 Kf7 26. Kd4 Nc5 27.
Re1 Ra5 28. exd6 Rxd6+ 29. Kc3 Rxd2 30. Kxd2 Ra6 31. Re5 Rd6+ 32. Kc3 b6 33. b4
axb3 34. axb3 h5 35. Be2 Kf6 36. b4 Nd7 37. Rb5 e5 38. c5 bxc5 39. bxc5 Rc6 40.
fxe5+ Nxe5 41. Rb6 e6 42. Rxc6 Nxc6 43. Bb5 Ne7 44. Kd4 Nd5 45. h4 Nc7 46. Bc4
Kf5 47. Bd3+ Kf6 48. c6 e5+ 49. Kc5 Ne8 50. Kd5 g5 51. hxg5+ Kxg5 52. Kxe5 h4
53. Bf5  1-0

[Event "Olomouc Chess Summer 2019 - A - Proclient Cup"]
[Site "Olomouc (CZE), Hotel Flora"]
[Date "2019.08.13"]
[Round "5"]
[Board "5"]
[White "BIOLEK, Richard"]
[Black "NEUMAN, Petr"]
[Result "1-0"]
[WhiteElo "2446"]
[BlackElo "2392"]
[PlyCount "39"]
[EventDate "2019.08.10"]
[EventRounds "9"]
[EventCountry "CZE"]

1. e4 c6 2. d4 d5 3. e5 Bf5 4. h4 h6 5. g4 Be4 6. f3 Bh7 7. e6 Qd6 8. exf7+
Kxf7 9. f4 Nf6 10. Nf3 Nxg4 11. h5 Nf6 12. Ne5+ Kg8 13. Bd3 Ne4 14. Nd2 e6 15.
Ng6 Bxg6 16. hxg6 Nxd2 17. Bxd2 Be7 18. Qg4 Bf6 19. O-O-O Nd7 20. Bb4  1-0

[Event "Olomouc Chess Summer 2019 - A - Proclient Cup"]
[Site "Olomouc (CZE), Hotel Flora"]
[Date "2019.08.14"]
[Round "6"]
[Board "1"]
[White "ARKELL, Keith C"]
[Black "NEUMAN, Petr"]
[Result "1/2-1/2"]
[WhiteElo "2445"]
[BlackElo "2392"]
[PlyCount "72"]
[EventDate "2019.08.10"]
[EventRounds "9"]
[EventCountry "CZE"]

1. Nf3 d5 2. c4 c6 3. e3 Nf6 4. b3 g6 5. Bb2 Bg7 6. Be2 O-O 7. O-O Bg4 8. d3
Ne8 9. Bxg7 Nxg7 10. Nbd2 Nd7 11. d4 Nf5 12. h3 Bxf3 13. Nxf3 Nd6 14. Qc2 e6
15. Rfc1 Qe7 16. Ne5 f5 17. cxd5 exd5 18. f4 a5 19. Bd3 g5 20. g3 Qe6 21. Kh2
Kh8 22. Rf1 Rg8 23. Nxd7 Qxd7 24. fxg5 Rxg5 25. h4 Rg7 26. Bxf5 Qe7 27. Rf3 Rf8
28. Raf1 Rxf5 29. Rxf5 Nxf5 30. Qxf5 Qxe3 31. Qf8+ Rg8 32. Qf6+ Rg7 33. Rf3
Qe2+ 34. Rf2 Qe3 35. Rf3 Qe2+ 36. Kh3 Qe1  1/2-1/2